Normal view
MARC view
- Gooking, Dan
Entry Personal Name
001 - CONTROL NUMBER
- control field: 97041
003 - CONTROL NUMBER IDENTIFIER
- control field: NUST
005 - DATE AND TIME OF LATEST TRANSACTION
- control field: 20220812155759.0
008 - FIXED-LENGTH DATA ELEMENTS
- fixed length control field: 220812|| aca||aabn | a|a d
040 ## - CATALOGING SOURCE
- Original cataloging agency: NUST
- Transcribing agency: NUST
100 ## - HEADING--PERSONAL NAME
- Personal name: Gooking, Dan
670 ## - SOURCE DATA FOUND
- Source citation: Work cat.: (NUST)178962: Gooking, Dan , Advanced C programming for Dummies /, 1997
